000
00297nam a22001337a 4500
008
170406b xxu||||| |||| 00| 0 eng d
020
_a
9780195095289
041
_a
eng
080
_a
611.089
100
_a
9
101
_a
SHM
245
_a
BASIC MEDICAL HISTOLOGY
_c
KESSEL, R.G
942
_2
udc
_c
BK
999
_c
10046
_d
10046